• 首页
  • 本馆介绍
  • 公告通知
  • 最新文献
  • 馆藏检索
  • 电子资源
  • 读者导购
  • 参考咨询
  • 我的图书馆
  • 登录
  • 详细信息显示
  • 放入我的书架
  • 预约/预借图书
  • 作者相关作品
  • 分类相关作品
  • 丛书相关作品
  • 出版社相关作品

书目信息

  • 表格格式
  • 工作单格式
  • 卡片格式
题名:
动力系统的稳定性
    
 
作者: 拉萨尔 , Lasalle 著 ;廖晓昕 译
分册:  
出版信息: 武汉   华中工学院出版社  1983
页数: 112页
开本: 19cm
丛书名:
单 册:
中图分类: O317 , O175.13
科图分类:
主题词: 动力稳定性 , 数学分析
电子资源:
ISBN:
000 00915nam0 2200313 45
001 0183012141
005 20061121144757.84
010    @dCNY0.50
091    @a13244.020
100    @a19950720d1983 emky0chiy0121 ea
101 1  @achi@ceng
102    @aCN@b420000
105    @ay z 000yy
106    @ar
200 10 @a动力系统的稳定性@Adong li xi tong de wen ding xing@f(英)拉萨尔(J.P.Lasalle)著@g廖晓昕等译
210    @a武汉@c华中工学院出版社@d1983
215    @a112页@d19cm
300    @a书名原文:The stability of dynamical systems
510 1  @aThe stability of dynamical systems@zeng
606    @a动力稳定性
606 0  @a数学分析
690    @aO317@v3
690    @aO175.13@v3
701  1 @a拉萨尔@Ala sa er@bJ.P.@4著
701 A1 @aLasalle@bJ.P.@4著
702  0 @a廖晓昕@Aliao xiao xin@4译
801  0 @aCN@b上海图书馆@c20061121
801  2 @aCN@bNLC@c20040521
905    @f1@b130431@dO175.13@eL010
    
    动力系统的稳定性/(英)拉萨尔(J.P.Lasalle)著/廖晓昕等译.-武汉:华中工学院出版社,1983
    112页;19cm
    书名原文:The stability of dynamical systems
    
    ISBN :CNY0.50
    
●
相关链接 在E读中查询图书 在五车中查询图书 在当当中查询图书 在豆瓣中查询图书


正题名:动力系统的稳定性     索取号:O175.13/L010         预约/预借

序号 登录号 条形码 馆藏地/架位号 状态 备注
1 0130431   000424231   第三借阅区/ [索取号:O175.13/L010] 在馆    
2 0130432   000424222   第三借阅区/ [索取号:O175.13/L010] 在馆    
3 0130433   000424213   第三借阅区/ [索取号:O175.13/L010] 在馆    
4 0130434   000424240   第三借阅区/ [索取号:O175.13/L010] 在馆    
5 0130435   202089612   第二样本阅览室/ [索取号:O175.13/L010] 在馆    
唐山师范学院图书馆 欢迎您!
大连网信软件有限公司© 版权所有